000 00355nam a2200121 4500
008 180213b xxu||||| |||| 00| 0 eng d
100 _926395
_aYap, Tara
245 _aFilmfest focuses on Capiz reforestation/
_cTara Yap
260 _aPhilippines
_bManila Bulletin
_cc2017
300 _apage 13.
650 0 _926396
_aEnvironmental movement.
942 _2ddc
_cPER
999 _c8581
_d8581